00458nam a22001577a 4500003000400000005001700004008004100021020001500062050002200077100001900099245006700118260006500185300003400250521000700284526000900291OSt20140310184501.0131012t xxu||||| |||| 00| 0 eng d a0590621610 aQH 48b.Ow97 1996 aOwen, Jennifer aUsborne Mysteries and Marvels of Insect Life /cJennifer Owen. aLondon : bUsborne Pub. ; [Tulsa, Okla. : EDC Pub.], c1996. a32 p. : bcol. ill. ;c26 cm. aG9 c1010